<?xml version="1.0" encoding="UTF-8"?>
<record
    xmlns:xsi="http://www.w3.org/2001/XMLSchema-instance"
    xsi:schemaLocation="http://www.loc.gov/MARC21/slim http://www.loc.gov/standards/marcxml/schema/MARC21slim.xsd"
    xmlns="http://www.loc.gov/MARC21/slim">

  <leader>01155nam a22002297a 4500</leader>
  <controlfield tag="005">20250924113524.0</controlfield>
  <controlfield tag="008">250914s2021    ua a|||| ||||o00| 0 ara d</controlfield>
  <datafield tag="020" ind1=" " ind2=" ">
    <subfield code="a">9789779422268</subfield>
  </datafield>
  <datafield tag="040" ind1=" " ind2=" ">
    <subfield code="a">EAL</subfield>
    <subfield code="c">EAL</subfield>
  </datafield>
  <datafield tag="041" ind1=" " ind2=" ">
    <subfield code="a">ara</subfield>
  </datafield>
  <datafield tag="050" ind1=" " ind2=" ">
    <subfield code="a">SB950.7 </subfield>
    <subfield code="b">W93 2024</subfield>
  </datafield>
  <datafield tag="110" ind1="2" ind2=" ">
    <subfield code="a">&#x648;&#x632;&#x627;&#x631;&#x629; &#x627;&#x644;&#x632;&#x631;&#x627;&#x639;&#x629; &#x648;&#x627;&#x633;&#x62A;&#x635;&#x644;&#x627;&#x62D; &#x627;&#x644;&#x623;&#x631;&#x627;&#x636;&#x64A;</subfield>
    <subfield code="b">&#x644;&#x62C;&#x646;&#x629; &#x645;&#x628;&#x64A;&#x62F;&#x627;&#x62A; &#x627;&#x644;&#x622;&#x641;&#x627;&#x62A; &#x627;&#x644;&#x632;&#x631;&#x627;&#x639;&#x64A;&#x629;</subfield>
    <subfield code="9">18522</subfield>
  </datafield>
  <datafield tag="245" ind1="1" ind2="2">
    <subfield code="a">&#x627;&#x644;&#x62A;&#x648;&#x635;&#x64A;&#x627;&#x62A; &#x627;&#x644;&#x645;&#x639;&#x62A;&#x645;&#x62F;&#x629; &#x644;&#x645;&#x643;&#x627;&#x641;&#x62D;&#x629; &#x627;&#x644;&#x622;&#x641;&#x627;&#x62A; &#x627;&#x644;&#x632;&#x631;&#x627;&#x639;&#x64A;&#x629; /</subfield>
    <subfield code="c">&#x648;&#x632;&#x627;&#x631;&#x629; &#x627;&#x644;&#x632;&#x631;&#x627;&#x639;&#x629; &#x648; &#x627;&#x633;&#x62A;&#x635;&#x644;&#x627;&#x62D; &#x627;&#x644;&#x623;&#x631;&#x627;&#x636;&#x649;&#x60C; &#x644;&#x62C;&#x646;&#x629; &#x645;&#x628;&#x64A;&#x62F;&#x627;&#x62A; &#x627;&#x644;&#x622;&#x641;&#x627;&#x62A; &#x627;&#x644;&#x632;&#x631;&#x627;&#x639;&#x64A;&#x629;</subfield>
  </datafield>
  <datafield tag="260" ind1=" " ind2=" ">
    <subfield code="a">[&#x627;&#x644;&#x62C;&#x64A;&#x632;&#x629;] :</subfield>
    <subfield code="b">&#x627;&#x644;&#x644;&#x62C;&#x646;&#x629;&#x60C; </subfield>
    <subfield code="c">2021.</subfield>
  </datafield>
  <datafield tag="300" ind1=" " ind2=" ">
    <subfield code="a">296&#x635;. :</subfield>
    <subfield code="b">&#x623;&#x64A;&#x636;. &#x644;&#x648;. ;</subfield>
    <subfield code="c">30 &#x633;&#x645;.</subfield>
  </datafield>
  <datafield tag="504" ind1=" " ind2=" ">
    <subfield code="a">&#x64A;&#x62D;&#x62A;&#x648;&#x64A; &#x639;&#x644;&#x649; &#x642;&#x627;&#x626;&#x645;&#x629; &#x628;&#x628;&#x644;&#x64A;&#x648;&#x62C;&#x631;&#x627;&#x641;&#x64A;&#x629; &#x628;&#x627;&#x644;&#x645;&#x631;&#x627;&#x62C;&#x639;.</subfield>
  </datafield>
  <datafield tag="650" ind1=" " ind2="7">
    <subfield code="a">&#x627;&#x644;&#x622;&#x641;&#x627;&#x62A; &#x627;&#x644;&#x632;&#x631;&#x627;&#x639;&#x64A;&#x629;</subfield>
    <subfield code="x">&#x645;&#x642;&#x627;&#x648;&#x645;&#x629;</subfield>
    <subfield code="2">qrmak.</subfield>
    <subfield code="9">18464</subfield>
  </datafield>
  <datafield tag="650" ind1=" " ind2="7">
    <subfield code="a">&#x627;&#x644;&#x622;&#x641;&#x627;&#x62A; &#x627;&#x644;&#x632;&#x631;&#x627;&#x639;&#x64A;&#x629;</subfield>
    <subfield code="x">&#x627;&#x644;&#x645;&#x642;&#x627;&#x648;&#x645;&#x629; &#x627;&#x644;&#x62D;&#x64A;&#x648;&#x64A;&#x629;</subfield>
    <subfield code="2">qrmak.</subfield>
    <subfield code="9">10491</subfield>
  </datafield>
  <datafield tag="650" ind1=" " ind2="7">
    <subfield code="a">&#x627;&#x644;&#x645;&#x62D;&#x627;&#x635;&#x64A;&#x644; &#x627;&#x644;&#x632;&#x631;&#x627;&#x639;&#x64A;&#x629; </subfield>
    <subfield code="x"> &#x627;&#x645;&#x631;&#x627;&#x636; &#x648; &#x622;&#x641;&#x627;&#x62A;</subfield>
    <subfield code="x"> &#x645;&#x643;&#x627;&#x641;&#x62D;&#x629;</subfield>
    <subfield code="2">qrmak.</subfield>
    <subfield code="9">37055</subfield>
  </datafield>
  <datafield tag="710" ind1="2" ind2=" ">
    <subfield code="a">&#x644;&#x62C;&#x646;&#x629; &#x645;&#x628;&#x64A;&#x62F;&#x627;&#x62A; &#x627;&#x644;&#x622;&#x641;&#x627;&#x62A; &#x627;&#x644;&#x632;&#x631;&#x627;&#x639;&#x64A;&#x629;.</subfield>
  </datafield>
  <datafield tag="942" ind1=" " ind2=" ">
    <subfield code="c">BK</subfield>
    <subfield code="2">lcc</subfield>
  </datafield>
  <datafield tag="952" ind1=" " ind2=" ">
    <subfield code="0">0</subfield>
    <subfield code="1">0</subfield>
    <subfield code="2">lcc</subfield>
    <subfield code="4">0</subfield>
    <subfield code="7">0</subfield>
    <subfield code="a">ENAL</subfield>
    <subfield code="b">ENAL</subfield>
    <subfield code="d">2025-09-14</subfield>
    <subfield code="l">0</subfield>
    <subfield code="o">SB950.7 W93 2024</subfield>
    <subfield code="p">0017617</subfield>
    <subfield code="r">2025-09-14 10:33:54</subfield>
    <subfield code="w">2025-09-14</subfield>
    <subfield code="y">BK</subfield>
    <subfield code="k"></subfield>
  </datafield>
  <datafield tag="999" ind1=" " ind2=" ">
    <subfield code="c">69476</subfield>
    <subfield code="d">69476</subfield>
  </datafield>
</record>
